Cuerpos (Registro nro. 8698)

Detalles MARC
000 -CABECERA
Longitud fija campo de control 03116nam a2200601Ia 4500
005 - • FECHA Y HORA DE LA ÚLTIMA TRANSACCIÓN
Fecha y hora de la última transacción 20220317001946.0
007 - • CAMPO FIJO DE DESCRIPCIÓN FÍSICA
Campo fijo de descripción física ta
008 - • CÓDIGOS DE INFORMACIÓN DE LONGITUD FIJA
Códigos de información de longitud fija 210809s2019 ck er 000 jdspa d
020 ## - • NÚMERO INTERNACIONAL NORMALIZADO PARA LIBROS
Número Internacional Normalizado para Libros (ISBN) 9789584277978
020 ## - • NÚMERO INTERNACIONAL NORMALIZADO PARA LIBROS
Número Internacional Normalizado para Libros (ISBN) 9584277979
040 ## - FUENTE DE LA CATALOGACIÓN
Centro catalogador de origen CO-BoRNBP
Lengua de catalogación spa
Normas de descripción rda
Centro transcriptor CO-BoRNBP
041 0# - • CÓDIGO DE LENGUA
Código de lengua del texto/banda sonora o título independiente spa
043 ## - CÓDIGO DE ÁREA GEOGRÁFICA
Código de área geográfica s-ck---
084 ## - • Clasificación Local Alfanúmerica PNLB
Número de clasificación C CUE196
245 00 - • TITULO PROPIAMENTE DICHO
Título Cuerpos
Resto del título veinte formas de habitar el mundo
Mención de responsabilidad, etc. Juliana Ángel Osorno [y otras diez y nueve]
250 ## - • MENCIÓN DE EDICIÓN
Mención de edición Primera edición
264 #1 - PRODUCCIÓN, PUBLICACIÓN , DISTRIBUCIÓN, FABRICACIÓN Y COPYRIGHT
Lugar de producción, publicación, distribución, fabricación Bogotá
Nombre del productor, editor, distribuidor, fabricante Editorial Planeta Colombiana
-- Seix Barral
Fecha de de producción, publicación, distribución, fabricación o copyright 2019
300 ## - • DESCRIPCIÓN FÍSICA
Extensión 279 páginas
Dimensiones 24 cm
336 ## - TIPO DE CONTENIDO
Fuente rdacontent
Término de tipo de contenido texto
Código de tipo de contenido txt
337 ## - TIPO DE MEDIO
Fuente rdamedia
Nombre del tipo de medio sin mediación
Código del tipo de medio n
338 ## - TIPO DE SOPORTE
Fuente rdacarrier
Nombre del tipo de soporte volumen
Código del tipo de soporte nc
490 0# - • MENCIÓN DE SERIE
Mención de serie Biblioteca breve
505 1# - • NOTA DE CONTENIDO CON FORMATO
Título (R ) Dejar caer
Mención de responsabilidad (R ) Juliana Restrepo
Título (R ) Tierra húmeda
Mención de responsabilidad (R ) Alejandra Omaña (Amaranta Hank)
Título (R ) El cuerpo de la nutria
Mención de responsabilidad (R ) Fátima Vélez
Título (R ) Retorno
Mención de responsabilidad (R ) Andrea Mejía
Título (R ) Pink Lady
Mención de responsabilidad (R ) Lina Tono
Título (R ) Paréntesis
Mención de responsabilidad (R ) Mónica Gil Restrepo
Título (R ) Piel de oso
Mención de responsabilidad (R ) Juliana Muñoz Toro
Título (R ) El deseo es una cicatriz
Mención de responsabilidad (R ) María del Mar Ramón
Título (R ) Dosis impar
Mención de responsabilidad (R ) María Ospina
Título (R ) Siempre mujer, siempre perfecta
Mención de responsabilidad (R ) Melba Escobar de Nogales
Título (R ) Cununo
Mención de responsabilidad (R ) Dayana Zapata Flórez
Título (R ) La llegada de Miss Piggy Vaquera
Mención de responsabilidad (R ) Andrea Salgado
Título (R ) La lista de tus órganos
Mención de responsabilidad (R ) Lina María Parra Ochoa
Título (R ) Romina
Mención de responsabilidad (R ) Isabel Botero
Título (R ) Placeres necesarios
Mención de responsabilidad (R ) Mariángela Urbina Castilla
Título (R ) Pan de vida
Mención de responsabilidad (R ) Adelaida Fernández Ochoa
Título (R ) El penúltimo cuerpo
Mención de responsabilidad (R ) Paola Guevara
Título (R ) Me ponés nervioso, Leti
Mención de responsabilidad (R ) Tatiana Andrade Mejía
Título (R ) Interiores
Mención de responsabilidad (R ) Valentina Calvache
521 ## - • NOTA DE PÚBLICO DESTINATARIO
Nota público destinatario (R ) Recomendado para público adulto
545 ## - DATOS BIOGRÁFICOS O HISTÓRICOS
Datos bigr´ficos o históricos Incluye datos biográficos de las autoras al final de cada cuento
650 17 - • PUNTO DE ACCESO ADICIONAL DE MATERIA - TÉRMINO DE MATERIA
Término de materia o nombre geográfico como elemento inicial Autores colombianos
Subdivisión cronológica Siglo XX
Fuente del encabezamiento o término LEMB
650 17 - • PUNTO DE ACCESO ADICIONAL DE MATERIA - TÉRMINO DE MATERIA
Término de materia o nombre geográfico como elemento inicial Cuentos colombianos
Subdivisión de materia general Colecciones
Subdivisión cronológica Siglo XX
Fuente del encabezamiento o término LEMB
650 17 - • PUNTO DE ACCESO ADICIONAL DE MATERIA - TÉRMINO DE MATERIA
Término de materia o nombre geográfico como elemento inicial Literatura colombiana
Subdivisión cronológica Siglo XX
Fuente del encabezamiento o término LEMB
650 17 - • PUNTO DE ACCESO ADICIONAL DE MATERIA - TÉRMINO DE MATERIA
Término de materia o nombre geográfico como elemento inicial Cuerpo humano
Subdivisión de forma Cuentos
Fuente del encabezamiento o término LEMB
650 17 - • PUNTO DE ACCESO ADICIONAL DE MATERIA - TÉRMINO DE MATERIA
Término de materia o nombre geográfico como elemento inicial Maternidad
Subdivisión de forma Cuentos
Fuente del encabezamiento o término LEMB
650 17 - • PUNTO DE ACCESO ADICIONAL DE MATERIA - TÉRMINO DE MATERIA
Término de materia o nombre geográfico como elemento inicial Mujeres
Subdivisión de forma Cuentos
Fuente del encabezamiento o término LEMB
700 1# - • PUNTO DE ACCESO ADICIONAL - NOMBRE DE PERSONA
Nombre de persona Ángel Osorno, Juliana
Fechas asociadas al nombre 1989-
Término indicativo de función autora
700 1# - • PUNTO DE ACCESO ADICIONAL - NOMBRE DE PERSONA
Nombre de persona Retrepo, Juliana
Fechas asociadas al nombre 1982-
Término indicativo de función autora
700 1# - • PUNTO DE ACCESO ADICIONAL - NOMBRE DE PERSONA
Nombre de persona Omaña, Alejandra
Fechas asociadas al nombre 1992-
Término indicativo de función autora
700 1# - • PUNTO DE ACCESO ADICIONAL - NOMBRE DE PERSONA
Nombre de persona Vélez, Fátima
Fechas asociadas al nombre 1985-
Término indicativo de función autora
700 1# - • PUNTO DE ACCESO ADICIONAL - NOMBRE DE PERSONA
Nombre de persona Mejía, Andrea
Fechas asociadas al nombre 1978-
Término indicativo de función autora
700 1# - • PUNTO DE ACCESO ADICIONAL - NOMBRE DE PERSONA
Nombre de persona Toro, Lina
Fechas asociadas al nombre 1984-
Término indicativo de función autora
700 1# - • PUNTO DE ACCESO ADICIONAL - NOMBRE DE PERSONA
Nombre de persona Gil Restrepo, Mónica
Fechas asociadas al nombre 1975-
Término indicativo de función autora
700 1# - • PUNTO DE ACCESO ADICIONAL - NOMBRE DE PERSONA
Nombre de persona Muñoz Toro, Juliana
Fechas asociadas al nombre 1988-
Término indicativo de función autora
700 1# - • PUNTO DE ACCESO ADICIONAL - NOMBRE DE PERSONA
Nombre de persona Ramón, María del Mar
Fechas asociadas al nombre 1992-
Término indicativo de función autora
700 1# - • PUNTO DE ACCESO ADICIONAL - NOMBRE DE PERSONA
Nombre de persona Ospina,María
Fechas asociadas al nombre 1977-
Término indicativo de función autora
700 1# - • PUNTO DE ACCESO ADICIONAL - NOMBRE DE PERSONA
Nombre de persona Escobar de Nogales, Melba
Fechas asociadas al nombre 1976-
Término indicativo de función autora
700 1# - • PUNTO DE ACCESO ADICIONAL - NOMBRE DE PERSONA
Nombre de persona Zapata Flórez, Dayana
Fechas asociadas al nombre 1990-
Término indicativo de función autora
700 1# - • PUNTO DE ACCESO ADICIONAL - NOMBRE DE PERSONA
Nombre de persona Salgado, Andrea
Fechas asociadas al nombre 1977-
Término indicativo de función autora
700 1# - • PUNTO DE ACCESO ADICIONAL - NOMBRE DE PERSONA
Nombre de persona Parra Ochoa, Lina María
Fechas asociadas al nombre 1986-
Término indicativo de función autora
700 1# - • PUNTO DE ACCESO ADICIONAL - NOMBRE DE PERSONA
Nombre de persona Botero, Isabel
Fechas asociadas al nombre 1976-
Término indicativo de función autora
700 1# - • PUNTO DE ACCESO ADICIONAL - NOMBRE DE PERSONA
Nombre de persona Urbina Castilla, Mariángela
Fechas asociadas al nombre 1993-
Término indicativo de función autora
700 1# - • PUNTO DE ACCESO ADICIONAL - NOMBRE DE PERSONA
Nombre de persona Fernández Ochoa,Adelaida
Fechas asociadas al nombre 1957-
Término indicativo de función autora
700 1# - • PUNTO DE ACCESO ADICIONAL - NOMBRE DE PERSONA
Nombre de persona Guevara, Paola
Fechas asociadas al nombre 1977-
Término indicativo de función autora
700 1# - • PUNTO DE ACCESO ADICIONAL - NOMBRE DE PERSONA
Nombre de persona Andrade Mejía, Tatiana
Fechas asociadas al nombre 1977-
Término indicativo de función autora
700 1# - • PUNTO DE ACCESO ADICIONAL - NOMBRE DE PERSONA
Nombre de persona Calvache, Valentina
Fechas asociadas al nombre 1991-
Término indicativo de función autora
942 ## - ENTRADA DE ELEMENTOS AGREGADOS (KOHA)
Fuente de clasificaión o esquema
Koha [por defecto] tipo de item Libro Literatura

No hay ítems disponibles.










Instituto Departamental de Cultura del Meta - Red Departamental de Bibliotecas Públicas del Meta.